The 10 Most Powerful Militaries in the World - Statistics

General Stats
  • This quiz has been taken 49 times
  • The average score is 8 of 10
Answer Stats
Rank Country % Correct
2 Russia
100%
1 United States
98%
3 China
96%
6 France
96%
9 United Kingdom
93%
4 Japan
89%
5 India
80%
7 South Korea
76%
8 Italy
64%
10 Turkey
58%
No matching quizzes found
Score Distribution
Percent of People with Each Score
Percentile by Number Answered
Your Score History
You have not taken this quiz